The Tomb of Maya and Meryt III : The New Kingdom Pottery /

Saved in:

Main Author: Barbara G. Aston, and David A. Aston authors.

Other Authors: Jacobus van Dijk. (Chapter on the hieratic dockets.)

Format: Book

Language: English

Published: London : Egypt Exploration Society, 2023.

Series: EES excavation memoir ; 117.

Subjects:

Tags: Add Tag

No Tags, Be the first to tag this record!

Call Number: ( F )DT57 .E32 v.117

LEADER 00946nam a22002897a 4500
003 OSt
005 20260511125909.0
008 260511t2023 uk aof g 000 0 eng d
020 |a 9780856982453 
040 |c ARCE Library 
043 |a f-ua--- 
050 1 4 |a ( F )DT57  |b .E32 v.117 
100 1 |a Barbara G. Aston, and David A. Aston  |d authors. 
245 0 4 |a The Tomb of Maya and Meryt III :   |b The New Kingdom Pottery /  
264 1 1 |a London :   |b Egypt Exploration Society,   |c 2023. 
300 |a 426 :   |b illustrations ;   |c 31 cm. 
336 |a text  |b txt  |2 rdacontent 
337 |a unmediated  |b n  |2 rdamedia 
338 |a volume  |b nc  |2 rdacarrier 
490 1 |a EES excavation memoir ;   |v 117. 
650 0 |a Tombs  |z Egypt  |z Ṣaqqārah 
651 0 |a Ṣaqqārah (Egypt)  |x Antiquities. 
700 1 |a Jacobus van Dijk.  |e Chapter on the hieratic dockets. 
830 0 |a EES excavation memoir ;   |v 117. 
901 |a reviewed 
942 |2 lcc  |c BK 
999 |c 62238  |d 62238